[Event "HUN-chT2 Toth 1819"]
[Site "Hungary"]
[Date "2018.12.02"]
[Round "5.7"]
[White "Megyaszai, Balazs"]
[Black "Kelemen, Sandor"]
[Result "1/2-1/2"]
[WhiteElo "1657"]
[BlackElo "1948"]
[PlyCount "37"]
[EventDate "2018.09.23"]
[EventType "team-tourn"]
[EventRounds "11"]
[EventCountry "HUN"]
[SourceTitle "EXT 2021"]
[Source "ChessBase"]
[SourceDate "2020.10.23"]
[SourceVersion "1"]
[SourceVersionDate "2020.10.23"]
[SourceQuality "1"]
[WhiteTeam "Szeged Maroczy III"]
[BlackTeam "Felegyhaza Csongrad"]
[WhiteTeamCountry "HUN"]
[BlackTeamCountry "HUN"]

1. e4 g6 2. d4 Bg7 3. Nf3 c5 4. c3 b6 5. Bd3 Qc7 6. 0-0 e6 7. Na3 a6 8. Qe2 d6 9. Rd1 Ne7 10. Bf4 e5 11. dxe5 dxe5 12. Bg3 Nbc6 13. Bc4 0-0 14. Bd5 Bg4 15. h3 Bxf3 16. Qxf3 Rad8 17. Bh4 b5 18. Re1 Rd6 19. Rad1 1/2-1/2

[Event "HUN-chT2 Toth 1617"]
[Site "Hungary"]
[Date "2017.03.12"]
[Round "10.8"]
[White "Kelemen, Sandor"]
[Black "Diamant, Tibor"]
[Result "1/2-1/2"]
[WhiteElo "1933"]
[BlackElo "1996"]
[PlyCount "31"]
[EventDate "2016.09.25"]
[EventType "team-tourn"]
[EventRounds "11"]
[EventCountry "HUN"]
[SourceTitle "EXT 2021"]
[Source "ChessBase"]
[SourceDate "2020.10.23"]
[SourceVersion "1"]
[SourceVersionDate "2020.10.23"]
[SourceQuality "1"]
[WhiteTeam "Felegyhaza Csongrad"]
[BlackTeam "Mako Duocor II"]
[WhiteTeamCountry "HUN"]
[BlackTeamCountry "HUN"]

1. e4 c5 2. Nf3 Nc6 3. Nc3 g6 4. d3 Bg7 5. g3 d6 6. Bg2 e6 7. 0-0 Nge7 8. Be3 0-0 9. Qd2 Rb8 10. Bh6 b5 11. Bxg7 Kxg7 12. Rae1 b4 13. Nd1 a5 14. Ne3 e5 15. Nh4 f6 16. Kh1 1/2-1/2

[Event "HUN-chT2 Toth 1617"]
[Site "Hungary"]
[Date "2017.01.29"]
[Round "7.8"]
[White "Fabian, Istvan"]
[Black "Kelemen, Sandor"]
[Result "1/2-1/2"]
[WhiteElo "1765"]
[BlackElo "1933"]
[PlyCount "31"]
[EventDate "2016.09.25"]
[EventType "team-tourn"]
[EventRounds "11"]
[EventCountry "HUN"]
[SourceTitle "EXT 2021"]
[Source "ChessBase"]
[SourceDate "2020.10.23"]
[SourceVersion "1"]
[SourceVersionDate "2020.10.23"]
[SourceQuality "1"]
[WhiteTeam "Szeged Meritum"]
[BlackTeam "Felegyhaza Csongrad"]
[WhiteTeamCountry "HUN"]
[BlackTeamCountry "HUN"]

1. Nf3 Nf6 2. g3 g6 3. b3 Bg7 4. Bb2 0-0 5. c4 d6 6. Bg2 c6 7. 0-0 Na6 8. Nc3 Rb8 9. d3 Qa5 10. Rc1 b5 11. Nd4 Bd7 12. Nxc6 Bxc6 13. Bxc6 bxc4 14. dxc4 Nb4 15. Bf3 Nxa2 16. Ra1 1/2-1/2

[Event "HUN-chT2 Toth 1617"]
[Site "Hungary"]
[Date "2016.11.13"]
[Round "4.4"]
[White "Kovacs, Robert"]
[Black "Kelemen, Sandor"]
[Result "0-1"]
[WhiteElo "2117"]
[BlackElo "1933"]
[PlyCount "72"]
[EventDate "2016.09.25"]
[EventType "team-tourn"]
[EventRounds "11"]
[EventCountry "HUN"]
[SourceTitle "EXT 2021"]
[Source "ChessBase"]
[SourceDate "2020.10.23"]
[SourceVersion "1"]
[SourceVersionDate "2020.10.23"]
[SourceQuality "1"]
[WhiteTeam "Karcag"]
[BlackTeam "Felegyhaza Csongrad"]
[WhiteTeamCountry "HUN"]
[BlackTeamCountry "HUN"]

1. d4 Nf6 2. Nf3 d6 3. g3 g6 4. c4 Bg7 5. Nc3 0-0 6. Bg2 c5 7. d5 a6 8. 0-0 e5 9. e4 Ne8 10. Ne1 b5 11. f4 exf4 12. Rxf4 Be5 13. Rf1 bxc4 14. Nf3 Bg4 15. Qa4 Nd7 16. Qxc4 Bxf3 17. Bxf3 Bd4+ 18. Kh1 Ne5 19. Qe2 Nxf3 20. Qxf3 Ng7 21. Be3 Be5 22. Bf4 Qe7 23. Bxe5 Qxe5 24. Rf2 Rae8 25. Qd3 Qd4 26. Qf1 f5 27. Rd1 Qe5 28. Qxa6 fxe4 29. Rxf8+ Rxf8 30. Qe2 e3 31. Re1 Nf5 32. a4 Nd4 33. Qg4 e2 34. Kg2 Qe3 35. Ne4 Rf5 36. a5 Nf3 0-1

[Event "HUN-chT2 Toth 1617"]
[Site "Hungary"]
[Date "2016.10.30"]
[Round "3.9"]
[White "Csomos, Janos"]
[Black "Kelemen, Sandor"]
[Result "0-1"]
[WhiteElo "1763"]
[BlackElo "1933"]
[PlyCount "84"]
[EventDate "2016.09.25"]
[EventType "team-tourn"]
[EventRounds "11"]
[EventCountry "HUN"]
[SourceTitle "EXT 2021"]
[Source "ChessBase"]
[SourceDate "2020.10.23"]
[SourceVersion "1"]
[SourceVersionDate "2020.10.23"]
[SourceQuality "1"]
[WhiteTeam "Gyula"]
[BlackTeam "Felegyhaza Csongrad"]
[WhiteTeamCountry "HUN"]
[BlackTeamCountry "HUN"]

1. d4 Nf6 2. Nf3 e6 3. c4 c5 4. g3 Be7 5. Bg2 0-0 6. 0-0 d6 7. dxc5 dxc5 8. Nc3 Nc6 9. b3 Qa5 10. Bd2 Qc7 11. Nb5 Qb8 12. Qc2 a6 13. Nc3 Nd4 14. Qb2 Qc7 15. Bf4 Nxf3+ 16. Bxf3 e5 17. Be3 Be6 18. Rfd1 Rad8 19. Bg5 h6 20. Bxf6 Bxf6 21. Nd5 Bxd5 22. Bxd5 e4 23. Qc2 Bxa1 24. Rxa1 Qe5 25. Re1 Rfe8 26. Bxb7 e3 27. f3 Rd2 28. Qb1 Rb2 29. Qd3 Rxa2 30. Be4 Rd2 31. Qxe3 Rd4 32. Qf2 f5 33. Bd5+ Kh7 34. f4 Qe3 35. Kf1 a5 36. Ra1 Qxb3 37. Rxa5 Rd1+ 38. Kg2 Rd2 39. Bf3 Qd1 40. Kh3 Rexe2 41. Bxe2 Rxe2 42. Qxc5 Qf1+ 0-1

[Event "HUN-chT2 Asztalos 1516"]
[Site "Hungary"]
[Date "2016.04.03"]
[Round "10.11"]
[White "Marton, Szabolcs"]
[Black "Kelemen, Sandor"]
[Result "0-1"]
[WhiteElo "1306"]
[BlackElo "1365"]
[PlyCount "86"]
[EventDate "2015.09.13"]
[EventType "team-tourn"]
[EventRounds "11"]
[EventCountry "HUN"]
[SourceTitle "EXT 2017"]
[Source "ChessBase"]
[SourceDate "2016.10.25"]
[SourceVersion "1"]
[SourceVersionDate "2016.10.25"]
[SourceQuality "1"]
[WhiteTeam "Sarosd"]
[BlackTeam "Kaposvar Bastya"]
[WhiteTeamCountry "HUN"]
[BlackTeamCountry "HUN"]

1. f4 d5 2. g3 Nf6 3. Bg2 e6 4. b3 Nc6 5. Bb2 Bd6 6. e3 Qe7 7. Nf3 e5 8. 0-0 Bg4 9. Qe1 Nb4 10. Na3 Nc6 11. Nb5 Nd7 12. fxe5 Bxe5 13. Nxe5 Ndxe5 14. Bxd5 0-0-0 15. Bxc6 bxc6 16. Bxe5 Qxe5 17. Nd4 Qd5 18. c4 Qd7 19. Nf3 f6 20. d4 Rhe8 21. Qd2 Qe6 22. Rae1 Qe4 23. Qf2 Bh3 24. Nd2 Qe6 25. c5 Bxf1 26. Kxf1 Qg4 27. Nc4 Qh3+ 28. Kg1 Qe6 29. Qd2 Qe4 30. Qa5 Kb7 31. Qb4+ Ka8 32. Na5 Rb8 33. Qa4 Rb5 34. Qc4 Qd5 35. Qc3 Reb8 36. a4 Rxb3 37. Nxb3 Qxb3 38. Rc1 Qxa4 39. Qd3 Qb3 40. Rc3 Qb1+ 41. Kg2 Qxd3 42. Rxd3 a5 43. Ra3 Rb5 0-1

[Event "HUN-chT2 Asztalos 1516"]
[Site "Hungary"]
[Date "2016.02.28"]
[Round "8.11"]
[White "Hrubos, Viktor"]
[Black "Kelemen, Sandor"]
[Result "1-0"]
[WhiteElo "1883"]
[BlackElo "1365"]
[PlyCount "87"]
[EventDate "2015.09.13"]
[EventType "team-tourn"]
[EventRounds "11"]
[EventCountry "HUN"]
[SourceTitle "EXT 2017"]
[Source "ChessBase"]
[SourceDate "2016.10.25"]
[SourceVersion "1"]
[SourceVersionDate "2016.10.25"]
[SourceQuality "1"]
[WhiteTeam "Pecs Karmin"]
[BlackTeam "Kaposvar Bastya"]
[WhiteTeamCountry "HUN"]
[BlackTeamCountry "HUN"]

1. d4 d5 2. c4 c6 3. Nc3 Nf6 4. cxd5 cxd5 5. Nf3 e6 6. Bg5 Be7 7. e3 0-0 8. Qc2 Nc6 9. a3 Qa5 10. Nd2 Bd7 11. Qb1 Rac8 12. Be2 a6 13. 0-0 Qc7 14. f4 Ne8 15. Nf3 h6 16. Bh4 Bxh4 17. Nxh4 Nf6 18. Qa2 Na5 19. g4 Qd8 20. Ng2 Nh7 21. Rf3 Nc6 22. Rg3 Rb8 23. h4 g6 24. Bd3 Kh8 25. Rf1 Ne7 26. Qb1 f5 27. Kh2 Bc8 28. Ne1 Bd7 29. Nf3 Nf6 30. Ne5 Kh7 31. Rfg1 Rg8 32. R3g2 Bc8 33. Be2 Bd7 34. g5 Ne4 35. Nxe4 dxe4 36. gxh6 Qe8 37. Qa2 Kxh6 38. Bc4 Qc8 39. Nxd7 Qxd7 40. Bxe6 Qd8 41. Bxg8 Nxg8 42. Rxg6+ Kh7 43. Qf7+ Kh8 44. Qg7# 1-0

[Event "HUN-chT2 Toth 1516"]
[Site "Hungary"]
[Date "2016.02.28"]
[Round "8.4"]
[White "Kelemen, Sandor"]
[Black "Kovacs, Arthur"]
[Result "1/2-1/2"]
[WhiteElo "1936"]
[BlackElo "1989"]
[PlyCount "31"]
[EventDate "2015.09.13"]
[EventType "team-tourn"]
[EventRounds "11"]
[EventCountry "HUN"]
[SourceTitle "EXT 2017"]
[Source "ChessBase"]
[SourceDate "2016.10.25"]
[SourceVersion "1"]
[SourceVersionDate "2016.10.25"]
[SourceQuality "1"]
[WhiteTeam "Felegyhaza Csongrad"]
[BlackTeam "Mako SVSE II"]
[WhiteTeamCountry "HUN"]
[BlackTeamCountry "HUN"]

1. c4 e6 2. Nc3 d5 3. d4 Nf6 4. Bg5 Be7 5. Nf3 h6 6. Bh4 0-0 7. e3 b6 8. Bd3 Bb7 9. 0-0 Nbd7 10. Rc1 dxc4 11. Bxc4 a6 12. a4 c5 13. Qe2 Nh5 14. Bxe7 Qxe7 15. d5 exd5 16. Bxd5 1/2-1/2

[Event "HUN-chT2 Toth 1516"]
[Site "Hungary"]
[Date "2015.12.06"]
[Round "6.4"]
[White "Kelemen, Sandor"]
[Black "Tenk, Zoltan"]
[Result "1-0"]
[WhiteElo "1936"]
[BlackElo "1956"]
[PlyCount "57"]
[EventDate "2015.09.13"]
[EventType "team-tourn"]
[EventRounds "11"]
[EventCountry "HUN"]
[SourceTitle "CBM 170 Extra"]
[Source "ChessBase"]
[SourceDate "2016.02.25"]
[SourceVersion "1"]
[SourceVersionDate "2016.02.25"]
[SourceQuality "1"]
[WhiteTeam "Felegyhaza Csongrad"]
[BlackTeam "Maroczy II"]
[WhiteTeamCountry "HUN"]
[BlackTeamCountry "HUN"]

1. e4 c5 2. Nf3 e6 3. d3 d5 4. Nbd2 Nc6 5. g3 g6 6. Bg2 Bg7 7. 0-0 Nge7 8. Re1 0-0 9. c3 b6 10. e5 Ba6 11. d4 Rc8 12. Qa4 Bd3 13. dxc5 bxc5 14. Nb3 Qb6 15. Be3 Bc2 16. Re2 Bxb3 17. axb3 Nf5 18. Bg5 h6 19. g4 hxg5 20. gxf5 exf5 21. Nxg5 Bh6 22. Qh4 Bxg5 23. Qxg5 Qd8 24. Qh6 d4 25. e6 Ne7 26. Rxa7 fxe6 27. Rxe6 Rf7 28. Rxg6+ Nxg6 29. Qxg6+ 1-0

[Event "HUN-chT2 Toth 1516"]
[Site "Hungary"]
[Date "2015.11.08"]
[Round "4.4"]
[White "Kelemen, Sandor"]
[Black "Hajdu, Sandor"]
[Result "1/2-1/2"]
[WhiteElo "1936"]
[BlackElo "1980"]
[PlyCount "39"]
[EventDate "2015.09.13"]
[EventType "team-tourn"]
[EventRounds "11"]
[EventCountry "HUN"]
[SourceTitle "CBM 170 Extra"]
[Source "ChessBase"]
[SourceDate "2016.02.25"]
[SourceVersion "1"]
[SourceVersionDate "2016.02.25"]
[SourceQuality "1"]
[WhiteTeam "Felegyhaza Csongrad"]
[BlackTeam "Szentes Integral"]
[WhiteTeamCountry "HUN"]
[BlackTeamCountry "HUN"]

1. Nf3 d5 2. d3 g6 3. g3 Bg7 4. Bg2 Nf6 5. Nbd2 c5 6. e4 Nc6 7. 0-0 0-0 8. c3 Qc7 9. Qe2 e6 10. a3 a5 11. Rb1 b5 12. Re1 Bb7 13. e5 Nd7 14. d4 b4 15. Nf1 Ba6 16. Qd1 Rab8 17. axb4 cxb4 18. cxb4 Nxb4 19. Re3 Nb6 20. Rc3 1/2-1/2

[Event "HUN-chT2 Toth 1516"]
[Site "Hungary"]
[Date "2015.09.26"]
[Round "2.5"]
[White "Banyai, Istvan"]
[Black "Kelemen, Sandor"]
[Result "1/2-1/2"]
[WhiteElo "2004"]
[BlackElo "1936"]
[PlyCount "70"]
[EventDate "2015.09.13"]
[EventType "team-tourn"]
[EventRounds "11"]
[EventCountry "HUN"]
[SourceTitle "CBM 170 Extra"]
[Source "ChessBase"]
[SourceDate "2016.02.25"]
[SourceVersion "1"]
[SourceVersionDate "2016.02.25"]
[SourceQuality "1"]
[WhiteTeam "Gyula"]
[BlackTeam "Felegyhaza Csongrad"]
[WhiteTeamCountry "HUN"]
[BlackTeamCountry "HUN"]

1. e4 c5 2. Nf3 d6 3. d4 cxd4 4. Nxd4 Nf6 5. Nc3 a6 6. Be2 e6 7. 0-0 Be7 8. Be3 0-0 9. f4 Qc7 10. Kh1 Nbd7 11. Bf3 Nb6 12. Be2 Nc4 13. Bxc4 Qxc4 14. Qd3 b5 15. Qxc4 bxc4 16. Nc6 Bd8 17. Nxd8 Rxd8 18. Rad1 Bb7 19. Bb6 Rd7 20. Rfe1 Bc6 21. a4 d5 22. e5 Rb7 23. a5 Nd7 24. Bd4 Rab8 25. Rd2 Rxb2 26. h4 R2b7 27. Kh2 Rc8 28. g4 Nb8 29. Kg3 Be8 30. h5 Nc6 31. Bb6 Na7 32. Kh4 Kf8 33. Rb1 Nb5 34. Nxb5 Bxb5 35. c3 Ke7 1/2-1/2

[Event "HUN-chT2 Toth 1516"]
[Site "Hungary"]
[Date "2015.09.13"]
[Round "1.1"]
[White "Keresztes, Mark"]
[Black "Kelemen, Sandor"]
[Result "1-0"]
[WhiteElo "2023"]
[BlackElo "1936"]
[PlyCount "81"]
[EventDate "2015.09.13"]
[EventType "team-tourn"]
[EventRounds "11"]
[EventCountry "HUN"]
[SourceTitle "EXT 2017"]
[Source "ChessBase"]
[SourceDate "2016.10.25"]
[SourceVersion "1"]
[SourceVersionDate "2016.10.25"]
[SourceQuality "1"]
[WhiteTeam "Toth Laszlo II"]
[BlackTeam "Felegyhaza Csongrad"]
[WhiteTeamCountry "HUN"]
[BlackTeamCountry "HUN"]

1. c4 g6 2. Nc3 Bg7 3. e4 c5 4. g3 Nc6 5. Bg2 a6 6. Nge2 e6 7. 0-0 Nge7 8. d3 0-0 9. Be3 Nd4 10. Rb1 Nec6 11. Qd2 Qa5 12. a3 Nb3 13. Qd1 Ncd4 14. f4 d6 15. g4 Rb8 16. Ng3 b5 17. cxb5 axb5 18. f5 exf5 19. exf5 Re8 20. Bf4 Be5 21. Bxe5 Rxe5 22. Bd5 Rxd5 23. Nxd5 Qd2 24. Ne4 Qxd1 25. Rbxd1 Bb7 26. Ndf6+ Kg7 27. fxg6 hxg6 28. Rf2 Rd8 29. Rdf1 Bc8 30. Nxd6 Be6 31. Nde8+ Kf8 32. Nc7 Ke7 33. Nxe6 Nxe6 34. Ne4 f5 35. gxf5 gxf5 36. Rxf5 Rxd3 37. Rf7+ Ke8 38. Rb7 Nbd4 39. Rff7 Ne2+ 40. Kf2 N2f4 41. Nf6+ 1-0

[Event "HUN-chT2 Asztalos 1415"]
[Site "Hungary"]
[Date "2015.04.26"]
[Round "9.11"]
[White "Kelemen, Sandor"]
[Black "Varga, Miklos"]
[Result "0-1"]
[WhiteElo "1930"]
[BlackElo "1588"]
[PlyCount "86"]
[EventDate "2014.10.12"]
[EventType "team-tourn"]
[EventRounds "9"]
[EventCountry "HUN"]
[SourceTitle "EXT 2016"]
[Source "ChessBase"]
[SourceDate "2015.10.08"]
[SourceVersion "1"]
[SourceVersionDate "2015.10.08"]
[SourceQuality "1"]
[WhiteTeam "Kaposvar Bastya"]
[BlackTeam "Szentlorinc"]
[WhiteTeamCountry "HUN"]
[BlackTeamCountry "HUN"]

1. e4 c5 2. Nc3 d6 3. Nf3 Nc6 4. h3 Nf6 5. Bc4 e6 6. Qe2 a6 7. a4 Qc7 8. b3 Be7 9. Qe3 0-0 10. d4 cxd4 11. Nxd4 Bd7 12. Nde2 Nb4 13. Qd2 Nc6 14. 0-0 Ne5 15. Bd3 Nxd3 16. Qxd3 Bc6 17. Nd4 Rac8 18. Bd2 Rfd8 19. Ra2 d5 20. Nxc6 Qxc6 21. e5 Nd7 22. Qg3 Kh8 23. Qf4 Nxe5 24. Qxe5 Bf6 25. Qf4 Bxc3 26. Bxc3 Qxc3 27. Qxf7 Qc6 28. Re1 Re8 29. Re2 Rc7 30. Qf3 Kg8 31. Ra1 Qc3 32. Qxc3 Rxc3 33. Rd1 Kf7 34. Kh2 Rec8 35. Rdd2 Kf6 36. f3 g5 37. Kg3 h5 38. h4 g4 39. Kf4 Re8 40. fxg4 e5+ 41. Rxe5 Rxe5 42. g5+ Ke6 43. g6 Rf5# 0-1

[Event "HUN-chT2 Asztalos 1415"]
[Site "Hungary"]
[Date "2015.03.22"]
[Round "8"]
[White "Nemeth, Noemi Anna"]
[Black "Kelemen, Sandor"]
[Result "0-1"]
[WhiteElo "1544"]
[BlackElo "1940"]
[PlyCount "50"]
[EventDate "2014.10.12"]
[EventType "team-tourn"]
[EventRounds "9"]
[EventCountry "HUN"]
[SourceTitle "EXT 2016"]
[Source "ChessBase"]
[SourceDate "2015.10.08"]
[SourceVersion "1"]
[SourceVersionDate "2015.10.08"]
[SourceQuality "1"]
[WhiteTeam "Decs II"]
[BlackTeam "Kaposvar Bastya"]
[WhiteTeamCountry "HUN"]
[BlackTeamCountry "HUN"]

1. d4 d5 2. c4 dxc4 3. e4 e6 4. Bxc4 Nc6 5. Ne2 Bb4+ 6. Bd2 Bxd2+ 7. Qxd2 Nf6 8. Nbc3 0-0 9. 0-0 Qe7 10. f3 a6 11. d5 Rd8 12. Rfd1 Qc5+ 13. Nd4 Qxc4 14. dxc6 e5 15. Qg5 exd4 16. e5 h6 17. Qh4 Qc5 18. exf6 dxc3+ 19. Kh1 Rxd1+ 20. Rxd1 Be6 21. fxg7 Qg5 22. Qd4 c2 23. cxb7 cxd1Q+ 24. Qxd1 Rb8 25. h3 Rxb7 0-1

[Event "HUN-chT2 Toth 1415"]
[Site "Hungary"]
[Date "2014.09.21"]
[Round "2.6"]
[White "Kelemen, Sandor"]
[Black "Talmacsi, Jozsef"]
[Result "1/2-1/2"]
[WhiteElo "1928"]
[BlackElo "2105"]
[PlyCount "33"]
[EventDate "2014.09.07"]
[EventType "team-tourn"]
[EventRounds "11"]
[EventCountry "HUN"]
[SourceTitle "EXT 2016"]
[Source "ChessBase"]
[SourceDate "2015.10.08"]
[SourceVersion "1"]
[SourceVersionDate "2015.10.08"]
[SourceQuality "1"]
[WhiteTeam "Felegyhaza Csongrad"]
[BlackTeam "Toth Laszlo"]
[WhiteTeamCountry "HUN"]
[BlackTeamCountry "HUN"]

1. e4 c6 2. d3 d5 3. Nd2 Nf6 4. h3 e5 5. Ngf3 Bd6 6. g3 0-0 7. Bg2 Be6 8. 0-0 dxe4 9. Nxe4 Nxe4 10. dxe4 f6 11. Nh4 Bc5 12. Nf5 Bxf5 13. exf5 Qb6 14. c3 Rd8 15. Qg4 Kh8 16. b4 Be7 17. Be3 1/2-1/2

[Event "HUN-chT2 Toth 1314"]
[Site "Hungary"]
[Date "2013.11.03"]
[Round "4.4"]
[White "Kelemen, Sandor"]
[Black "Gosztolya, Ferenc"]
[Result "0-1"]
[WhiteElo "1920"]
[BlackElo "2085"]
[PlyCount "59"]
[EventDate "2013.09.08"]
[EventType "team-tourn"]
[EventRounds "11"]
[EventCountry "HUN"]
[SourceTitle "EXT 2016"]
[Source "ChessBase"]
[SourceDate "2015.10.08"]
[SourceVersion "1"]
[SourceVersionDate "2015.10.08"]
[SourceQuality "1"]
[WhiteTeam "Csongrad Felegyhaza"]
[BlackTeam "Bekes"]
[WhiteTeamCountry "HUN"]
[BlackTeamCountry "HUN"]

1. c4 g6 2. Nc3 c5 3. Nf3 Bg7 4. d4 cxd4 5. Nxd4 Nc6 6. Nxc6 bxc6 7. e4 Rb8 8. Be2 d6 9. 0-0 Nf6 10. Kh1 0-0 11. f4 Qc7 12. g4 Nd7 13. Qd3 Nc5 14. Qf3 Qa5 15. Bd1 Be6 16. Be2 Qb4 17. f5 Bxc4 18. Bxc4 Qxc4 19. g5 Rfe8 20. Re1 Nd3 21. Rd1 Nxc1 22. Raxc1 Rxb2 23. f6 exf6 24. Nd5 Qxe4 25. Qxe4 Rxe4 26. Rxc6 Re8 27. gxf6 Bf8 28. Rdc1 Rd2 29. Nc7 Ree2 30. Ra6 0-1

[Event "HUN-chT2 Toth 1314"]
[Site "Hungary"]
[Date "2013.10.20"]
[Round "3.5"]
[White "Kelemen, Sandor"]
[Black "Horvath, Antal Jr"]
[Result "1-0"]
[WhiteElo "1920"]
[BlackElo "2082"]
[PlyCount "91"]
[EventDate "2013.09.08"]
[EventType "team-tourn"]
[EventRounds "11"]
[EventCountry "HUN"]
[SourceTitle "EXT 2016"]
[Source "ChessBase"]
[SourceDate "2015.10.08"]
[SourceVersion "1"]
[SourceVersionDate "2015.10.08"]
[SourceQuality "1"]
[WhiteTeam "Csongrad Felegyhaza"]
[BlackTeam "Oroshaza"]
[WhiteTeamCountry "HUN"]
[BlackTeamCountry "HUN"]

1. c4 Nf6 2. Nc3 e6 3. e4 d6 4. g3 b6 5. Bg2 Bb7 6. d4 Nbd7 7. Nge2 Be7 8. 0-0 e5 9. Nd5 Nxd5 10. exd5 Bf6 11. Re1 0-0 12. Nc3 exd4 13. Ne4 Nc5 14. Nxf6+ Qxf6 15. b4 d3 16. Rb1 Nd7 17. Bb2 Qf5 18. Be4 Qg5 19. h4 Qh6 20. Bxd3 Rfe8 21. Qc2 Ne5 22. Be4 f5 23. f4 fxe4 24. fxe5 Qg6 25. Qxe4 Qxg3+ 26. Qg2 Qxg2+ 27. Kxg2 b5 28. exd6 cxd6 29. cxb5 Bxd5+ 30. Kg3 Bxa2 31. Rxe8+ Rxe8 32. Ra1 Bf7 33. Rxa7 Rb8 34. b6 h6 35. Bd4 g6 36. Kf4 Kf8 37. Rd7 Be6 38. Rxd6 Ke7 39. Ke5 Bf5 40. Bc5 Kf7 41. Rf6+ Kg7 42. Rc6 Bd3 43. Rc7+ Kg8 44. Kd6 Rd8+ 45. Rd7 Re8 46. Kc7 1-0